Zahraniční obchod příručka pro obchodní praxi
Enregistré dans:
| Auteur principal: | |
|---|---|
| Format: | Livre |
| Langue: | tchèque |
| Publié: |
Praha
Grada Publishing
2004
|
| Sujets: | |
| Tags: |
Pas de tags, Soyez le premier à ajouter un tag!
|
MARC
| LEADER | 00000nam$a2200000$$$4500 | ||
|---|---|---|---|
| 001 | 0019413 | ||
| 005 | 20240306141743.2 | ||
| 020 | |a 80-247-0558-3 | ||
| 041 | 0 | |a cze | |
| 044 | |a CZ | ||
| 245 | 1 | 0 | |a Zahraniční obchod |b příručka pro obchodní praxi |c Vlastislav Beneš a kolektiv |
| 264 | 1 | |a Praha |b Grada Publishing |c 2004 | |
| 300 | |a 328 s. | ||
| 610 | 2 | 0 | |a obchod zahraničný |
| 610 | 2 | 0 | |a obchodníci |
| 610 | 2 | 0 | |a vzťahy hospodárske vonkajšie |
| 610 | 2 | 0 | |a politika zahraničnoobchodná |
| 610 | 2 | 0 | |a Česko |
| 610 | 2 | 0 | |a vývoz |
| 610 | 2 | 0 | |a styk zahraničnoobchodný |
| 610 | 2 | 0 | |a záväzky |
| 610 | 2 | 0 | |a zmluvy obchodné |
| 610 | 2 | 0 | |a zmluvy kúpne |
| 610 | 2 | 0 | |a logistika |
| 610 | 2 | 0 | |a podpora predaja |
| 100 | 1 | |a Beneš, Vlastislav | |